|
|
|
|
| LEADER |
00000nab a2200000 a 4500 |
| 001 |
vtls000748449 |
| 003 |
SK-MaSNL |
| 005 |
20260304130912.0 |
| 008 |
250429c2000 xo 0 slo |
| 015 |
|
|
|a SNBRB2001/04-10351
|
| 035 |
|
|
|a CLN000100274
|
| 035 |
|
|
|a urn:nbn:sk:snk-abbu23
|
| 035 |
|
|
|a (urnnbn)urn:nbn:sk:snk:ar-000tmu
|
| 035 |
|
|
|a (uuid)bc5aa10f-a3bc-44ae-b4f2-24386e27ff93
|
| 040 |
|
|
|a SNKBUCL
|b slo
|c SNKBUCL
|e AACR2
|
| 041 |
0 |
|
|a eng
|
| 044 |
|
|
|a xo
|c SK
|
| 080 |
|
|
|a 579.85:632.937
|2 1997
|
| 080 |
|
|
|a 632.937
|2 1997
|
| 100 |
1 |
|
|a Yaman, Mustafa
|4 aut
|9 1137528
|
| 245 |
1 |
0 |
|a Isolation, identification and determination of insecticidal activity of two insect-originated Bacillus spp.
|c Mustafa Yaman, Zihni Demirbag
|
| 300 |
|
|
|b Tab.
|
| 504 |
|
|
|a Res. angl.
|
| 504 |
|
|
|a Bibliogr. odkazy
|
| 650 |
0 |
7 |
|a Bacillus sphaericus
|2 snkbucl
|9 1443048
|
| 650 |
0 |
7 |
|a Bacillus thuringiensis
|2 snkbucl
|9 730530
|
| 650 |
0 |
7 |
|a škodcovia živočíšni
|x kontrola biologická
|2 snkbucl
|9 1443049
|
| 650 |
0 |
7 |
|a rastliny poľnohospodárske
|x ochrana biologická
|2 snkbucl
|9 1443050
|
| 650 |
0 |
7 |
|a biologická ochrana rastlín
|2 snkbucl
|9 224755
|
| 650 |
0 |
7 |
|a poľnohospodárstvo
|x organizácia a riadenie
|x štatistika a číselné údaje
|2 snkbucl
|9 1443051
|
| 650 |
0 |
7 |
|a kontrola škodcov, biologická
|x metódy
|x normy a štandardy
|x trendy
|2 snkbucl
|9 1443052
|
| 650 |
0 |
7 |
|a Bacillus thuringiensis
|x klasifikácia
|x patogenita
|2 snkbucl
|9 1443053
|
| 650 |
0 |
7 |
|a špecifickosť druhová
|2 snkbucl
|9 855823
|
| 650 |
0 |
7 |
|a Bacillus
|x klasifikácia
|x patogenita
|2 snkbucl
|9 1443054
|
| 655 |
|
7 |
|a články z novín a časopisov
|2 snkbucl
|9 267496
|
| 700 |
1 |
|
|a Demirbag, Zihni
|4 aut
|9 1137530
|
| 773 |
0 |
|
|t Biologia
|g Roč. 55, č. 3 (2000), s. 283-287
|x 0006-3088
|
| 850 |
|
|
|a Slovenská národná knižnica
|
| 852 |
|
|
|a Slovenská národná knižnica
|
| 954 |
|
|
|a odborná, vedecká literatúra cudzojazyčná (svetová)
|2 lita
|
| 958 |
|
|
|a article15
|
| 958 |
|
|
|a OND
|
| 958 |
|
|
|a NB
|
| 958 |
|
|
|a EUIPO
|
| 992 |
|
|
|a RBX
|
| 999 |
|
|
|c 2895822
|d 2897752
|